000 00754nam a2200229Ia 4500
005 20250508164648.0
008 008 250505s9999 xx 000 0 eng d
020 _a81-259-1025-5
037 _aTextual
040 _aFEDL
_beng
_cFEDL
041 _aeng
_2eng
084 _a371.2, NAT
_qFEDL
100 _aMahajan Baldev
_9467948
245 0 _aEducational administration in Rajasthan: Structures, processes and future prospects
245 0 _cNATIONAL INSTITUTE OF EDUCATIONAL PLANNING AND ADMINISTRATION
260 _aNew Delhi, India
_bVikas Publishing house Pvt Ltd
_c1996
300 _axix,215p.
365 _aINR
_b290
700 _a Tyagi R S Agarwal Shanta
_9778780
942 _cTEXL
_h371.2, NAT
999 _c1390415
_d1390415